| 000 | 00432nam a2200157 i 4500 | ||
|---|---|---|---|
| 001 | 58659 | ||
| 003 | ES-MaACL | ||
| 005 | 20230906163845.0 | ||
| 007 | t| | ||
| 008 | 031023s1932 fr ||||1| fre d | ||
| 100 | 1 |
_aDurtain, Luc. _946332 |
|
| 245 | 1 | 2 |
_aD'homme á homme / _cLuc Durtain. |
| 260 |
_a[París] : _bErnest Flammarion, _c[1932] ( _fE. Grevin Lagny) |
||
| 300 |
_a284 p. ; _c19 cm. |
||
| 852 |
_aES-MaACL _jA-1282 _bR.11625 |
||
| 999 |
_c58659 _d58659 |
||